Normal view
MARC view
Entry Personal Name
001 - CONTROL NUMBER
- control field: 5142
003 - CONTROL NUMBER IDENTIFIER
- control field: ARRUPE
005 - DATE AND TIME OF LATEST TRANSACTION
- control field: 20131204141001.0
008 - FIXED-LENGTH DATA ELEMENTS
- fixed length control field: 131204|| aca||aabn | a|a d
040 ## - CATALOGING SOURCE
- Original cataloging agency: ARRUPE
- Transcribing agency: ARRUPE
100 ## - HEADING--PERSONAL NAME
- Personal name: Luchins, Edith Hirsch,
- Relator term: joint author.
670 ## - SOURCE DATA FOUND
- Source citation: Work cat.: (ARRUPE)0: Luchins, Abraham S. 5139, Logical foundations of mathematics for behavioral scientists, [1965]